000 00558cam a22001933a 4500
001 45342
003 PGUSA
005 20140828084039.0
008 140407s2014||||xxu|||||s|||||000 | eng d
040 _aPGUSA
_beng
042 _adc
245 1 0 _aPunch or the London Charivari, Vol. 148, January 27, 1915
_h[electronic resource] /
_cVarious
260 _bProject Gutenberg,
_c2014
506 _aPublic domain in the USA.
516 _aElectronic text
830 0 _aProject Gutenberg
_v45342
856 4 0 _uhttp://www.gutenberg.org/ebooks/45342
942 _cEB
999 _c274593
_d274593